书目信息 |
| 题名: |
不和上帝回家
|
|
| 作者: | 陈伟军, 著 | |
| 分册: | 下 | |
| 出版信息: | 呼伦贝尔 内蒙古文化出版社 2009.06 |
|
| 页数: | 153-309页 | |
| 开本: | 21cm | |
| 丛书名: | ||
| 单 册: | ||
| 中图分类: | I247.57 | |
| 科图分类: | ||
| 主题词: | 言情小说--yan qing xiao shuo--中国--现代 , 长篇小说--chang pian xiao shuo--中国--现代 | |
| 电子资源: | ||
| ISBN: | 978-7-80675-167-1 | |
| 000 | 00765cam0 2200253 450 | |
| 001 | CAL 012005025065 | |
| 005 | 20111227105940.39 | |
| 010 | @a978-7-80675-167-1@dCNY27.50 | |
| 099 | @aCAL 012005025065 | |
| 100 | @a20111116d2009 em y0chiy0121 ea | |
| 101 | 0 | @achi |
| 102 | @aCN@b150000 | |
| 105 | @ay z 000ay | |
| 200 | 1 | @a不和上帝回家@Abu he shang di hui jia@h下@f陈伟军著 |
| 205 | @a第2版 | |
| 210 | @a呼伦贝尔@c内蒙古文化出版社@d2009.06 | |
| 215 | @a153-309页@d21cm | |
| 330 | @a本书是一部长篇小说。 | |
| 606 | 0 | @a言情小说@Ayan qing xiao shuo@y中国@z现代 |
| 606 | 0 | @a长篇小说@Achang pian xiao shuo@y中国@z现代 |
| 690 | @aI247.57@v5 | |
| 701 | 0 | @a陈伟军,@AChen Weijun@f1987-@4著 |
| 801 | 0 | @aCN@c20111227 |
| 905 | @aZUCC@dI247.57@eC580=2:2@f3 | |
| 不和上帝回家.下/陈伟军著.-第2版.-呼伦贝尔:内蒙古文化出版社,2009.06 |
| 153-309页;21cm |
| ISBN 978-7-80675-167-1:CNY27.50 |
| 本书是一部长篇小说。 |
| ● |
| 相关链接 |
|
|
|
正题名:不和上帝回家
索取号:I247.57/C580=2:2
 
预约/预借
| 序号 | 登录号 | 条形码 | 馆藏地/架位号 | 状态 | 备注 |
| 1 | 1180374 | 211803743 | 自科二线404/108文学库 47排2列3层/ [索取号:I247.57/C580=2:2] | 在馆 | |
| 2 | 1180375 | 211803752 | 自科二线404/108文学库 47排2列3层/ [索取号:I247.57/C580=2:2] | 在馆 | |
| 3 | 1180376 | 211803761 | 自科二线404/108文学库 47排2列3层/ [索取号:I247.57/C580=2:2] | 在馆 |